Normal view
MARC view
- Kalanithi, Paul
Entry Personal Name
001 - CONTROL NUMBER
- control field: 126019
003 - CONTROL NUMBER IDENTIFIER
- control field: NUST
005 - DATE AND TIME OF LATEST TRANSACTION
- control field: 20240924101308.0
008 - FIXED-LENGTH DATA ELEMENTS
- fixed length control field: 240924|| aca||aabn | a|a d
040 ## - CATALOGING SOURCE
- Original cataloging agency: NUST
- Transcribing agency: NUST
100 ## - HEADING--PERSONAL NAME
- Personal name: Kalanithi, Paul
670 ## - SOURCE DATA FOUND
- Source citation: Work cat.: (NUST)611540: Kalanithi, Paul, , When Breath Becomes Air, 2016
